8th International Symposium on Aquatic Weeds : Swedish University of Agricultural Sciences Uppsala, Sweeden /

Guardado en:
Autores Corporativos: International Symposium on Aquatic Weeds Uppsala), European Weed Research Society.
Formato: Libro
Idioma:English
Publicado: Wageningen : EWRS, [1990]
Etiquetas: Agregar Etiqueta
Sin Etiquetas, Sea el primero en etiquetar este registro!
LEADER 00628nam a22001455a 4500
001 EEA.libagro004459
005 20181116124010.0
008 130809s1990####ne#a##########100#0#eng#d
082 0 4 |a 632.58 
111 2 |a International Symposium on Aquatic Weeds  |n (8th :  |d 13-17 August 1990 :  |c Uppsala) 
245 1 0 |a 8th International Symposium on Aquatic Weeds :  |b Swedish University of Agricultural Sciences Uppsala, Sweeden /  |c edited by P.R.F. Barrett ... [et al.]. 
260 |a Wageningen :  |b EWRS,  |c [1990] 
300 |a 255 p. :  |b il. ;  |c 24 cm. 
710 2 |a European Weed Research Society. 
859 |a AR-BbBCA  |b BIB. AGRONOMIA  |h 632.58  |i I61 8 1990  |p 1991/1702